000 00597nam a2200193 i 4500
001 bg
245 0 _aĆwiczenia laboratoryjne z mechaniki płynów dla kierunku Inżynierii Środowiska :
_bpraca zbiorowa /
_cpod red. Mieczysława Matlaka, Andrzeja Szustera.
250 _aWyd.3.
260 _aWarszawa,
_c1979.
650 9 _aMechanika płynów
655 _aPodręczniki akademickie
700 1 _aMatlak, Mieczysław.
_eRed.
700 1 _aSzuster, Andrzej.
_eRed.
040 _cBPK
041 _apol
080 _a532(075.8)(076)
942 _cKS
008 s pl f |000 0 pol
999 _c1530
_d1530
856 _uhttp://koha.tu.koszalin.pl/cgi-bin/koha/opac-detail.pl?biblionumber=1530
_yKatalog online BPK